| 000 | 00526nac a22001691u 4500 | ||
|---|---|---|---|
| 020 | _a8121904323 | ||
| 082 |
_a330 _bA287 |
||
| 090 |
_c1051 _d1051 |
||
| 100 | _aAhuja, H. L. | ||
| 245 |
_aModern economics / _cH. L. Ahuja, |
||
| 250 | _a11th ed. | ||
| 260 |
_aNew Delhi : _bS Chand & Co., _c2005. |
||
| 300 |
_a629 p. : _bDiagrams, _c24 cm. |
||
| 650 | _aEconomics. | ||
| 942 |
_cBB _k330A287 |
||
| 999 |
_c1051 _d1051 |
||